[Event "7MCR_4D_1L_4S"]
[Site "?"]
[Date "2006.??.??"]
[Round "?"]
[White "Glaser, Karel"]
[Black "Sedlacek, Tomas"]
[Result "1/2-1/2"]
[WhiteElo "2159"]
[BlackElo "2189"]
[PlyCount "38"]
[EventDate "2006.??.??"]
[EventType "corr"]

1. e4 c6 2. d4 d5 3. Nc3 dxe4 4. Nxe4 Bf5 5. Ng3 Bg6 6. Nf3 Nf6 7. Ne5 Nbd7 8.
Nxg6 hxg6 9. c3 e6 10. Qf3 Bd6 11. Be3 Qc7 12. Be2 O-O-O 13. O-O-O c5 14. Kb1
cxd4 15. Bxd4 Bc5 16. Bxc5 Nxc5 17. h3 Kb8 18. Rhe1 Rc8 19. Rd4 Rhd8 1/2-1/2

[Event "7MCR_4D_1L_4S"]
[Site "?"]
[Date "2006.??.??"]
[Round "?"]
[White "Glaser, Karel"]
[Black "Soudny, Jiri"]
[Result "1/2-1/2"]
[WhiteElo "2159"]
[BlackElo "2355"]
[PlyCount "40"]
[EventDate "2006.??.??"]
[EventType "corr"]

1. e4 e6 2. d4 d5 3. Nc3 Nf6 4. e5 Nfd7 5. f4 c5 6. Nf3 Nc6 7. Be3 cxd4 8. Nxd4
Bc5 9. Qd2 O-O 10. g3 a6 11. Bg2 Nxd4 12. Bxd4 b5 13. Ne2 Qc7 14. a3 Bb7 15.
Bxc5 Nxc5 16. Nd4 Ne4 17. Qe3 Rae8 18. O-O f6 19. exf6 Rxf6 20. c3 Ref8 1/2-1/2

[Event "7MCR_4D_1L_4S"]
[Site "?"]
[Date "2006.??.??"]
[Round "?"]
[White "Glaser, Karel"]
[Black "Stika, Vaclav"]
[Result "1-0"]
[WhiteElo "2159"]
[BlackElo "2142"]
[PlyCount "109"]
[EventDate "2006.??.??"]
[EventType "corr"]

1. e4 e5 2. Nf3 Nc6 3. Bb5 a6 4. Ba4 Nf6 5. O-O Be7 6. Re1 b5 7. Bb3 d6 8. c3
O-O 9. h3 Na5 10. Bc2 c5 11. d4 Qc7 12. Nbd2 Nc6 13. d5 Na5 14. b3 Nb7 15. Nf1
Bd7 16. Ne3 Rab8 17. c4 g6 18. Bd3 b4 19. Nh2 Ne8 20. a3 f5 21. exf5 gxf5 22.
axb4 cxb4 23. Rxa6 Nc5 24. Ra2 e4 25. Bc2 Bf6 26. Nef1 Bc3 27. Bd2 Be5 28. Ng3
Kh8 29. Nh5 Qb6 30. Bf4 Nf6 31. Nf1 Qd8 32. Nfg3 Rg8 33. Bxe5 dxe5 34. Ra7 Nxh5
35. Qxh5 Rg5 36. Qf7 Rc8 37. Rea1 Rg7 38. Qh5 Rg5 39. Qh6 Rg6 40. Qd2 Qb6 41.
Rxd7 Rxg3 42. Rda7 Rg6 43. Ra8 Rcg8 44. Rxg8+ Rxg8 45. Kh2 Nd7 46. Qe3 Nc5 47.
f3 f4 48. Qf2 exf3 49. gxf3 Qc7 50. Rg1 Qe7 51. Rxg8+ Kxg8 52. Qg1+ Qg7 53.
Qxc5 Qg3+ 54. Kh1 Qxf3+ 55. Kg1 1-0

[Event "7MCR_4D_1L_4S"]
[Site "?"]
[Date "2006.??.??"]
[Round "?"]
[White "Glaser, Karel"]
[Black "Vokoun, Jan"]
[Result "1-0"]
[WhiteElo "2159"]
[BlackElo "2400"]
[PlyCount "61"]
[EventDate "2006.??.??"]
[EventType "corr"]

1. e4 g6 2. d4 Bg7 3. Nc3 c6 4. Bc4 e6 5. e5 d5 6. exd6 Nf6 7. Bf4 Nbd7 8. Nf3
Nh5 9. Bg5 f6 10. Qe2 Nf8 11. Be3 Qxd6 12. g4 Nf4 13. Bxf4 Qxf4 14. Qe4 Qxe4+
15. Nxe4 Ke7 16. O-O-O e5 17. dxe5 fxe5 18. h3 Be6 19. Ned2 Nd7 20. Bxe6 Kxe6
21. Nc4 Rad8 22. Rhe1 Rhf8 23. Rd3 Bh6+ 24. Kb1 Bf4 25. h4 c5 26. a4 Rde8 27.
a5 Rd8 28. Ng5+ Ke7 29. Nxh7 Rf7 30. Ng5 Rff8 31. Nf3 1-0

[Event "7MCR_4D_1L_4S"]
[Site "?"]
[Date "2006.??.??"]
[Round "?"]
[White "Kosek, Lubomir"]
[Black "Cvak, Rudolf"]
[Result "1/2-1/2"]
[WhiteElo "2043"]
[BlackElo "2140"]
[PlyCount "84"]
[EventDate "2006.??.??"]
[EventType "corr"]

1. e4 e5 2. Nf3 Nc6 3. Bb5 a6 4. Ba4 Nf6 5. O-O Be7 6. Re1 b5 7. Bb3 O-O 8. c3
d6 9. h3 Na5 10. Bc2 c5 11. d3 Qc7 12. Nbd2 Nc6 13. Nf1 d5 14. exd5 Nxd5 15.
Bb3 Be6 16. Qe2 f6 17. d4 c4 18. Bc2 Bd6 19. dxe5 Nxe5 20. Nd4 Bf7 21. Qe4 g6
22. Bh6 Rfe8 23. Ne3 Nd3 24. Nxd5 Bh2+ 25. Kf1 Rxe4 26. Nxc7 Rxe1+ 27. Rxe1
Bxc7 28. Re7 Bb6 29. Bxd3 cxd3 30. Ke1 Bxa2 31. Kd2 Bc4 32. Rg7+ Kh8 33. Rb7
Bxd4 34. cxd4 Re8 35. Be3 Bd5 36. Ra7 Bxg2 37. Rxa6 Bxh3 38. Kxd3 Bf1+ 39. Kd2
Kg7 40. Ra7+ Kg8 41. Bh6 Re2+ 42. Kc1 Bh3 1/2-1/2

[Event "7MCR_4D_1L_4S"]
[Site "?"]
[Date "2006.??.??"]
[Round "?"]
[White "Kosek, Lubomir"]
[Black "Kuchta, Jiri"]
[Result "1/2-1/2"]
[WhiteElo "2044"]
[BlackElo "2252"]
[PlyCount "70"]
[EventDate "2006.??.??"]
[EventType "corr"]

1. e4 c6 2. d4 d5 3. exd5 cxd5 4. c4 Nf6 5. Nc3 e6 6. c5 Be7 7. Nf3 O-O 8. Bd3
b6 9. b4 a5 10. Na4 Nbd7 11. a3 axb4 12. axb4 bxc5 13. bxc5 e5 14. Nxe5 Nxe5
15. dxe5 Ne4 16. O-O Nxc5 17. Bc2 d4 18. Ra3 Ne6 19. Rh3 g6 20. Rg3 Qa5 21. Nb2
Qxe5 22. f4 Qc5 23. Nd3 Qb6 24. f5 Ng7 25. fxg6 fxg6 26. Nf2 Be6 27. Bh6 Rfe8
28. Bxg6 hxg6 29. Rxg6 Kh7 30. Qd3 Nf5 31. Qxf5 Bxf5 32. Rxb6 Ra2 33. Bf4 Re2
34. h4 Bc2 35. h5 d3 1/2-1/2

[Event "7MCR_4D_1L_4S"]
[Site "?"]
[Date "2006.??.??"]
[Round "?"]
[White "Kosek, Lubomir"]
[Black "Schwarz, Jan"]
[Result "1/2-1/2"]
[WhiteElo "2043"]
[BlackElo "2289"]
[PlyCount "71"]
[EventDate "2006.??.??"]
[EventType "corr"]

1. e4 c5 2. Nf3 Nc6 3. d4 cxd4 4. Nxd4 Nf6 5. Nc3 e5 6. Ndb5 d6 7. Nd5 Nxd5 8.
exd5 Nb8 9. c4 Be7 10. Be2 a6 11. Nc3 O-O 12. O-O f5 13. Qc2 Nd7 14. a4 b6 15.
Bd2 a5 16. f4 e4 17. Nb5 Nc5 18. Be3 Bd7 19. b3 Bxb5 20. cxb5 Rc8 21. Rac1 Bf6
22. Bc4 Nd3 23. Rb1 Rc7 24. Qd2 Nc5 25. Rbc1 Qe8 26. Rc2 Qh5 27. Qd1 Qg6 28.
Qe1 Rfc8 29. Qe2 h5 30. Kh1 h4 31. Rg1 Qh6 32. Rgc1 g5 33. Qf1 g4 34. Qe2 Re8
35. Qd1 Rec8 36. Qe2 1/2-1/2

[Event "7MCR_4D_1L_4S"]
[Site "?"]
[Date "2006.??.??"]
[Round "?"]
[White "Kosek, Lubomir"]
[Black "Sedlacek, Tomas"]
[Result "1/2-1/2"]
[WhiteElo "2043"]
[BlackElo "2189"]
[PlyCount "63"]
[EventDate "2006.??.??"]
[EventType "corr"]

1. e4 c6 2. d4 d5 3. exd5 cxd5 4. c4 Nf6 5. Nc3 Nc6 6. c5 g6 7. Nf3 Bg7 8. Bd3
Bg4 9. Be3 O-O 10. Be2 Ne4 11. O-O f5 12. Ng5 Bxe2 13. Nxe2 Qd7 14. Nf3 e6 15.
Rb1 Qe7 16. b4 g5 17. b5 Na5 18. Nd2 Nxd2 19. Bxd2 Nc4 20. Bb4 Qf7 21. Rb3 a5
22. bxa6 Rxa6 23. Nc1 Rc8 24. Re1 b6 25. cxb6 Rxb6 26. Bc5 Ra6 27. Rb5 h6 28.
Qb3 Qe8 29. f3 f4 30. Rb4 e5 31. Rb7 Re6 32. Nd3 1/2-1/2

[Event "7MCR_4D_1L_4S"]
[Site "?"]
[Date "2006.??.??"]
[Round "?"]
[White "Kosek, Lubomir"]
[Black "Soudny, Jiri"]
[Result "0-1"]
[WhiteElo "2043"]
[BlackElo "2355"]
[PlyCount "72"]
[EventDate "2006.??.??"]
[EventType "corr"]

1. e4 e6 2. d4 d5 3. Nc3 Nf6 4. e5 Nfd7 5. f4 c5 6. Nf3 Nc6 7. Be3 cxd4 8. Nxd4
Bc5 9. Qd2 O-O 10. O-O-O a6 11. h4 Nxd4 12. Bxd4 b5 13. h5 b4 14. Ne2 a5 15. h6
g6 16. g4 Ba6 17. Kb1 Qb6 18. Bxc5 Nxc5 19. Ng3 a4 20. Qe3 Rfc8 21. Be2 Bxe2
22. Nxe2 Qb7 23. Nd4 Ne4 24. Rd3 Qc7 25. Rc1 Ra5 26. Ka1 Rc5 27. Kb1 g5 28. Ka1
Rc4 29. Rf1 a3 30. bxa3 gxf4 31. Qxf4 Rxd4 32. Rxd4 Qc3+ 33. Kb1 f6 34. Rxe4
Qxc2+ 35. Ka1 Qc3+ 36. Kb1 b3 0-1

[Event "7MCR_4D_1L_4S"]
[Site "?"]
[Date "2006.??.??"]
[Round "?"]
[White "Kosek, Lubomir"]
[Black "Stika, Vaclav"]
[Result "1/2-1/2"]
[WhiteElo "2043"]
[BlackElo "2142"]
[PlyCount "93"]
[EventDate "2006.??.??"]
[EventType "corr"]

1. e4 e5 2. Nf3 Nc6 3. Bb5 a6 4. Ba4 Nf6 5. O-O Be7 6. Re1 b5 7. Bb3 O-O 8. c3
d6 9. h3 Nb8 10. d4 Nbd7 11. Nbd2 Bb7 12. Bc2 Re8 13. Nf1 Bf8 14. Ng3 g6 15. a4
c5 16. Qe2 exd4 17. cxd4 Nxe4 18. Nxe4 d5 19. Bg5 Qc8 20. axb5 dxe4 21. bxa6
Rxa6 22. Rxa6 Bxa6 23. Qe3 cxd4 24. Nxd4 Nc5 25. Bh6 Bxh6 26. Qxh6 Bd3 27. Qg5
Bxc2 28. Nxc2 Nd3 29. Re2 Qb8 30. Ne3 Re6 31. b3 f6 32. Qa5 Kg7 33. Qc3 Qd6 34.
Qc4 Re7 35. Ra2 f5 36. Ra6 Qc5 37. Qxc5 Nxc5 38. Rb6 Nd3 39. Nd5 Rd7 40. Rb5 h5
41. f3 h4 42. fxe4 fxe4 43. b4 Rd6 44. Kf1 Rd8 45. Rb7+ Kh6 46. Nc3 e3 47. Re7
1/2-1/2

[Event "7MCR_4D_1L_4S"]
[Site "?"]
[Date "2006.??.??"]
[Round "?"]
[White "Kosek, Lubomir"]
[Black "Vokoun, Jan"]
[Result "0-1"]
[WhiteElo "2043"]
[BlackElo "2400"]
[PlyCount "91"]
[EventDate "2006.??.??"]
[EventType "corr"]

1. e4 g6 2. d4 Bg7 3. Nf3 d6 4. c3 Nf6 5. Nbd2 O-O 6. Be2 a5 7. O-O c6 8. Re1
Na6 9. a4 Re8 10. Qc2 Qc7 11. Nc4 d5 12. exd5 Bf5 13. Bd3 Bxd3 14. Qxd3 Nxd5
15. Bg5 Rad8 16. Bh4 Ra8 17. Bg3 Qd8 18. Qe4 Nac7 19. h3 Nf6 20. Qc2 Ncd5 21.
Nce5 Qc8 22. Rad1 Qf5 23. Qe2 Nh5 24. Bh2 Nhf4 25. Qe4 Qxe4 26. Rxe4 Nh5 27.
Nd3 Nhf6 28. Re2 Nd7 29. c4 N5b6 30. b3 e6 31. Nc5 Ra7 32. Ne5 Nf6 33. g4 h6
34. h4 Nc8 35. g5 Nh5 36. Ng4 b6 37. Ne4 Rd8 38. gxh6 f5 39. Ng5 fxg4 40. hxg7
Nxg7 41. Be5 Nf5 42. Bf6 Re8 43. Rde1 Ncd6 44. Rxe6 Rxe6 45. Rxe6 Ra8 46. Be5
0-1

[Event "7MCR_4D_1L_4S"]
[Site "?"]
[Date "2006.??.??"]
[Round "?"]
[White "Kuchta, Jiri"]
[Black "Bares, Jiri"]
[Result "1/2-1/2"]
[WhiteElo "2252"]
[BlackElo "2211"]
[PlyCount "71"]
[EventDate "2006.??.??"]
[EventType "corr"]

1. Nf3 d5 2. g3 c5 3. c4 Nf6 4. cxd5 Nxd5 5. Bg2 Nc6 6. d3 e5 7. Nc3 Nxc3 8.
bxc3 Be7 9. Rb1 O-O 10. Nd2 Qc7 11. O-O Be6 12. Nc4 Bxc4 13. dxc4 Rad8 14. Bd5
b6 15. e4 Bf6 16. Be3 g6 17. a4 Bg7 18. Qb3 Kh8 19. Qb5 Na5 20. Rbd1 Qe7 21. f3
Rd7 22. Rfe1 Rfd8 23. Rd3 Qf8 24. Red1 Bh6 25. Bf2 Qe7 26. Kg2 f5 27. exf5 gxf5
28. Re1 Nb7 29. Rdd1 Nd6 30. Qb1 Qf6 31. a5 Nc8 32. axb6 axb6 33. Qb2 Ne7 34.
Qb3 Rd6 35. Kg1 R6d7 36. Kg2 1/2-1/2

[Event "7MCR_4D_1L_4S"]
[Site "?"]
[Date "2006.??.??"]
[Round "?"]
[White "Kuchta, Jiri"]
[Black "Binas, Jindrich"]
[Result "1/2-1/2"]
[WhiteElo "2252"]
[BlackElo "2079"]
[PlyCount "68"]
[EventDate "2006.??.??"]
[EventType "corr"]

1. Nf3 d5 2. d4 Nf6 3. e3 c5 4. dxc5 e6 5. c4 Bxc5 6. cxd5 exd5 7. Bd3 O-O 8.
O-O Nc6 9. a3 Bg4 10. Nbd2 d4 11. Nb3 Bb6 12. Nbxd4 Nxd4 13. exd4 Qd6 14. h3
Bxf3 15. Qxf3 Bxd4 16. Rd1 Qb6 17. Rb1 Rfe8 18. b4 Nd7 19. Bxh7+ Kxh7 20. Qd3+
Kg8 21. Qxd4 Qxd4 22. Rxd4 Re1+ 23. Kh2 Nb6 24. Ra1 Rc8 25. Bb2 Re2 26. Rc1
Rxb2 27. Rxc8+ Nxc8 28. Rd8+ Kh7 29. Rxc8 Rxf2 30. Rc7 Ra2 31. Rxf7 Rxa3 32.
Rxb7 a5 33. bxa5 Rxa5 34. h4 Ra6 1/2-1/2

[Event "7MCR_4D_1L_4S"]
[Site "?"]
[Date "2006.??.??"]
[Round "?"]
[White "Kuchta, Jiri"]
[Black "Chvojka, Jaroslav"]
[Result "1/2-1/2"]
[WhiteElo "2252"]
[BlackElo "2261"]
[PlyCount "143"]
[EventDate "2006.??.??"]
[EventType "corr"]

1. Nf3 Nf6 2. d4 g6 3. c4 Bg7 4. Nc3 O-O 5. e4 d6 6. Be2 c5 7. O-O Nbd7 8. e5
dxe5 9. dxe5 Ng4 10. e6 Nde5 11. Qxd8 Rxd8 12. exf7+ Nxf7 13. Nd5 Rd7 14. Re1
Nf6 15. Nf4 Rd8 16. Bf1 b6 17. Rxe7 Rd1 18. Re1 Rxe1 19. Nxe1 Bf5 20. h4 Re8
21. Nf3 h6 22. Bd3 Rd8 23. Ne1 Ng4 24. Kf1 Re8 25. Nf3 Bxd3+ 26. Nxd3 Nd6 27.
Rb1 Nxc4 28. b3 Nd6 29. Bf4 Rd8 30. Bxd6 Rxd6 31. Ke2 Nf6 32. a3 Nd5 33. Rc1 a6
34. Kf1 Nc3 35. Nde5 Nb5 36. b4 cxb4 37. axb4 Kh7 38. g3 Re6 39. Rc6 Rxc6 40.
Nxc6 Nc3 41. Ne1 Kg8 42. Nd3 Kf7 43. Nde5+ Bxe5 44. Nxe5+ Kg7 45. Ke1 Nd5 46.
Nd3 Kf6 47. Kd2 Kf5 48. f3 Kf6 49. Ke2 Ne7 50. Ke3 a5 51. bxa5 bxa5 52. g4 a4
53. Kd4 Nc6+ 54. Kc3 a3 55. Nc5 a2 56. Kb2 Ke5 57. Nd3+ Kd4 58. Nf4 Ne5 59.
Ne6+ Ke3 60. f4 Nd3+ 61. Kxa2 Nxf4 62. Nd8 h5 63. gxh5 gxh5 64. Kb3 Kf2 65. Kc3
Kg3 66. Nc6 Kxh4 67. Kd4 Kg3 68. Ke4 Ng6 69. Ne5 Kg2 70. Nf3 Kg3 71. Nd4 Kg2
72. Nf3 1/2-1/2

[Event "7MCR_4D_1L_4S"]
[Site "?"]
[Date "2006.??.??"]
[Round "?"]
[White "Kuchta, Jiri"]
[Black "Glaser, Karel"]
[Result "1/2-1/2"]
[WhiteElo "2252"]
[BlackElo "2159"]
[PlyCount "56"]
[EventDate "2006.??.??"]
[EventType "corr"]

1. Nf3 Nf6 2. c4 e6 3. d4 d5 4. e3 c6 5. Nbd2 c5 6. cxd5 exd5 7. dxc5 Bxc5 8.
a3 O-O 9. b4 Bd6 10. Bb2 Bg4 11. Bd3 Nbd7 12. h3 Bh5 13. Qb3 Bg6 14. Bxg6 hxg6
15. O-O a5 16. Rfc1 axb4 17. axb4 Qb6 18. Bxf6 Nxf6 19. b5 Rxa1 20. Rxa1 Rc8
21. Nd4 Qc7 22. Ne2 Qd8 23. Nf3 Ne4 24. Qd3 Rc5 25. Ned4 Qe8 26. Qb3 Qc8 27.
Qd1 Qc7 28. Qf1 Qc8 1/2-1/2

[Event "7MCR_4D_1L_4S"]
[Site "?"]
[Date "2006.??.??"]
[Round "?"]
[White "Kuchta, Jiri"]
[Black "Nosek, Jaroslav"]
[Result "1-0"]
[WhiteElo "2252"]
[BlackElo "2252"]
[PlyCount "123"]
[EventDate "2006.??.??"]
[EventType "corr"]

1. Nf3 d5 2. d4 Nf6 3. c4 c6 4. e3 e6 5. Nbd2 Nbd7 6. Bd3 c5 7. O-O Be7 8. cxd5
Nxd5 9. Nb3 cxd4 10. Nbxd4 O-O 11. e4 Nb4 12. Bc4 Qc7 13. Qe2 a6 14. a3 Nb6 15.
Bb3 e5 16. axb4 exd4 17. Nxd4 Bxb4 18. Be3 Nd7 19. Rfc1 Qe5 20. Qc2 a5 21. f4
Qh5 22. e5 Nc5 23. Bd5 Bd7 24. Bd2 Rac8 25. Bxb4 axb4 26. Qd2 Qg6 27. Rc4 b3
28. Rc3 Rfd8 29. Rac1 Qb6 30. Qe3 Bg4 31. Bf3 Bxf3 32. Nxf3 Na4 33. Qxb6 Nxb6
34. Kf2 Kf8 35. Rxc8 Rxc8 36. Rxc8+ Nxc8 37. Nd4 Nb6 38. Nxb3 Na4 39. Na5 b6
40. Nc4 b5 41. Na3 b4 42. Nc2 b3 43. Nd4 Nxb2 44. Nxb3 f6 45. Ke3 fxe5 46. fxe5
Ke7 47. Kd4 Nd1 48. Nc5 h6 49. h4 g6 50. Nd3 Ke6 51. Nf4+ Kf7 52. h5 gxh5 53.
Nxh5 Ke6 54. Ng7+ Kf7 55. Nf5 h5 56. Ng3 Kg6 57. Ne4 Kf5 58. g3 Nb2 59. Nf6 Kg6
60. Nd5 Kf5 61. Nf4 Kg5 62. Kc5 1-0

[Event "7MCR_4D_1L_4S"]
[Site "?"]
[Date "2006.??.??"]
[Round "?"]
[White "Kuchta, Jiri"]
[Black "Steinhauser, Antonin"]
[Result "1/2-1/2"]
[WhiteElo "2252"]
[BlackElo "2000"]
[PlyCount "36"]
[EventDate "2006.??.??"]
[EventType "corr"]

1. Nf3 Nf6 2. d4 g6 3. c4 Bg7 4. Nc3 O-O 5. e4 d6 6. Be2 e5 7. dxe5 dxe5 8.
Qxd8 Rxd8 9. Bg5 Re8 10. Nd5 Nxd5 11. cxd5 c6 12. Bc4 cxd5 13. Bxd5 Nd7 14. Nd2
Nc5 15. Ke2 Ne6 16. Be3 Nf4+ 17. Bxf4 exf4 18. Rac1 Bxb2 1/2-1/2

[Event "7MCR_4D_1L_4S"]
[Site "?"]
[Date "2006.??.??"]
[Round "?"]
[White "Kuchta, Jiri"]
[Black "Sykora, Josef"]
[Result "1/2-1/2"]
[WhiteElo "2252"]
[BlackElo "2389"]
[PlyCount "148"]
[EventDate "2006.??.??"]
[EventType "corr"]

1. Nf3 d5 2. g3 c5 3. Bg2 Nc6 4. O-O e5 5. d3 Nf6 6. c4 Be7 7. Bg5 d4 8. Nbd2
O-O 9. Qb3 h6 10. Bxf6 Bxf6 11. e3 Qc7 12. exd4 cxd4 13. a3 Be7 14. Rae1 Re8
15. Re2 a5 16. Rfe1 a4 17. Qc2 Bf8 18. h3 Bd7 19. Kh2 Re6 20. Qd1 g6 21. Qc2
Bg7 22. h4 Ra5 23. Bh3 Re8 24. Bxd7 Qxd7 25. Kg2 f5 26. Qb1 Rf8 27. Kh2 Kh8 28.
Kg1 Qe6 29. Qc2 Qd6 30. Qb1 Raa8 31. Kg2 Qc5 32. Qc2 Rfd8 33. Qb1 Re8 34. Kg1
Rf8 35. Kg2 Bf6 36. Qc2 Kg8 37. Rg1 Bg7 38. Rge1 Rfd8 39. Qb1 Rd7 40. Kg1 Rf8
41. Kg2 Kh8 42. Qd1 Qa5 43. Qb1 Rdd8 44. Rc1 Qc5 45. Rce1 b6 46. Qd1 Ra8 47.
Qc1 Rfc8 48. Kg1 Rab8 49. Qb1 Rc7 50. Qa2 Re7 51. Kg2 Bf6 52. b4 axb3 53. Qxb3
Ra7 54. Nb1 Qd6 55. Rb2 Ra5 56. Qd1 Nd8 57. Nfd2 Qd7 58. Nf3 Qd6 59. Kh2 Nf7
60. Nfd2 Bg7 61. f4 Raa8 62. Qf3 Qc7 63. Nb3 Rf8 64. Rbe2 Qb8 65. Kg2 b5 66.
N3d2 Ra6 67. Qd5 Rd6 68. Qf3 Rb6 69. c5 Ra6 70. Qd5 exf4 71. Re7 Ra7 72. gxf4
Rxe7 73. Rxe7 Kg8 74. c6 Qxf4 1/2-1/2

[Event "7MCR_4D_1L_4S"]
[Site "?"]
[Date "2006.??.??"]
[Round "?"]
[White "Nosek, Jaroslav"]
[Black "Bares, Jiri"]
[Result "0-1"]
[WhiteElo "2252"]
[BlackElo "2211"]
[PlyCount "68"]
[EventDate "2006.??.??"]
[EventType "corr"]

1. e4 c5 2. Nf3 d6 3. d4 cxd4 4. Nxd4 Nf6 5. Nc3 a6 6. f3 e5 7. Nb3 Be6 8. Be3
Be7 9. Qd2 O-O 10. O-O-O Nbd7 11. g4 b5 12. g5 b4 13. Ne2 Nh5 14. Ng3 Nf4 15.
h4 a5 16. Kb1 a4 17. Nd4 exd4 18. Bxf4 g6 19. Qxb4 Qc7 20. Qxd4 Ne5 21. Be2
Rfc8 22. Rd2 Rab8 23. h5 f6 24. hxg6 hxg6 25. Be3 Qa5 26. Rdd1 fxg5 27. Bc1 Bf6
28. Qxd6 Rb6 29. Qa3 Rc3 30. Bd2 Nc6 31. Bxc3 Bxc3 32. Rdg1 Bxb2 33. Qxb2 Rxb2+
34. Kxb2 Qd2 0-1

[Event "7MCR_4D_1L_4S"]
[Site "?"]
[Date "2006.??.??"]
[Round "?"]
[White "Nosek, Jaroslav"]
[Black "Chvojka, Jaroslav"]
[Result "1/2-1/2"]
[WhiteElo "2252"]
[BlackElo "2261"]
[PlyCount "71"]
[EventDate "2006.??.??"]
[EventType "corr"]

1. e4 e5 2. Nf3 Nc6 3. Bb5 a6 4. Ba4 Nf6 5. O-O Nxe4 6. d4 b5 7. Bb3 d5 8. dxe5
Be6 9. Nbd2 Nc5 10. c3 Nxb3 11. Nxb3 Be7 12. Nfd4 Qd7 13. Nxe6 Qxe6 14. Re1 h5
15. f4 h4 16. Qf3 f5 17. Be3 h3 18. g3 a5 19. Red1 a4 20. Nc5 Bxc5 21. Bxc5 Rd8
22. Qd3 Kf7 23. Qxb5 Rb8 24. Qe2 Na5 25. b3 Nb7 26. Ba7 Ra8 27. Be3 Na5 28. c4
dxc4 29. b4 Nc6 30. a3 Rad8 31. Bc5 Rxd1+ 32. Rxd1 Rd8 33. Rxd8 Nxd8 34. Qh5+
Kg8 35. Qxh3 c3 36. Be3 1/2-1/2

[Event "7MCR_4D_1L_4S"]
[Site "?"]
[Date "2006.??.??"]
[Round "?"]
[White "Nosek, Jaroslav"]
[Black "Cvak, Rudolf"]
[Result "0-1"]
[WhiteElo "2252"]
[BlackElo "2140"]
[PlyCount "78"]
[EventDate "2006.??.??"]
[EventType "corr"]

1. e4 e5 2. Nf3 Nc6 3. Bb5 a6 4. Ba4 Nf6 5. O-O Be7 6. Re1 b5 7. Bb3 O-O 8. h3
d6 9. a3 Be6 10. c3 d5 11. exd5 Bxd5 12. Nxe5 Nxe5 13. Rxe5 Bxb3 14. Qxb3 Nd7
15. Re1 Nc5 16. Qc2 Qd5 17. Rxe7 Nb3 18. Ra2 Rae8 19. Re3 Nxc1 20. c4 Qxc4 21.
Qxc4 bxc4 22. Ra1 Nb3 23. Ra2 f5 24. Nc3 Rd8 25. Re7 c5 26. Re6 a5 27. Nb1 Kf7
28. Re1 Rfe8 29. Rxe8 Rxe8 30. Kf1 Rd8 31. Ke1 g5 32. a4 h5 33. f3 Ke6 34. Kf2
Ke5 35. Ra3 Kf4 36. g3+ Ke5 37. Ke3 h4 38. Kf2 Nxd2 39. Re3+ Kf6 0-1

[Event "7MCR_4D_1L_4S"]
[Site "?"]
[Date "2006.??.??"]
[Round "?"]
[White "Nosek, Jaroslav"]
[Black "Glaser, Karel"]
[Result "0-1"]
[WhiteElo "2252"]
[BlackElo "2159"]
[PlyCount "122"]
[EventDate "2006.??.??"]
[EventType "corr"]

1. d4 Nf6 2. c4 e6 3. Nf3 d5 4. Nc3 c6 5. e3 Nbd7 6. Bd3 dxc4 7. Bxc4 b5 8. Bd3
Bb7 9. O-O a6 10. e4 c5 11. d5 Qc7 12. dxe6 fxe6 13. Bc2 Bd6 14. Ng5 Nf8 15. f4
h6 16. e5 O-O-O 17. Nf7 Qxf7 18. exd6 Qd7 19. Be3 Qc6 20. Qe2 Rxd6 21. Rac1 Kb8
22. a4 b4 23. Nb1 a5 24. Nd2 Ba6 25. Nc4 Bxc4 26. Qxc4 N8d7 27. Bb3 Rc8 28.
Rfd1 Rxd1+ 29. Bxd1 Nd5 30. Bf2 N7b6 31. Qe4 c4 32. Bd4 c3 33. Bxg7 Nxa4 34.
Bxa4 Qxa4 35. Be5+ Kb7 36. bxc3 Qc6 37. c4 Nb6 38. Qh7+ Qd7 39. Qe4+ Ka6 40.
Qe2 Qc6 41. c5+ Qb5 42. Qf2 a4 43. Bd4 Rc6 44. Qe3 Nc4 45. Qg3 b3 46. Qg8 Nb6
47. Qh8 Qb4 48. Kh1 a3 49. Ra1 Na4 50. Qa8+ Kb5 51. Qb8+ Nb6 52. Qe5 Nd5 53.
Rb1 a2 54. Rf1 Rxc5 55. f5 Qc4 56. Re1 exf5 57. Qe8+ Rc6 58. Bb2 Nb4 59. Qb8+
Ka4 60. Qa7+ Qa6 61. Qe7 Rc2 0-1

[Event "7MCR_4D_1L_4S"]
[Site "?"]
[Date "2006.??.??"]
[Round "?"]
[White "Nosek, Jaroslav"]
[Black "Kosek, Lubomir"]
[Result "1/2-1/2"]
[WhiteElo "2252"]
[BlackElo "2043"]
[PlyCount "99"]
[EventDate "2006.??.??"]
[EventType "corr"]

1. e4 e5 2. Nf3 Nc6 3. Bb5 a6 4. Bxc6 dxc6 5. O-O Qd6 6. Na3 b5 7. c3 Bg4 8.
Nc2 Qd3 9. Ne3 Bxf3 10. Qxf3 Nf6 11. Qg3 Qxe4 12. d3 Qf4 13. Qh3 Qh6 14. Qxh6
gxh6 15. a4 O-O-O 16. axb5 axb5 17. Ra8+ Kd7 18. Rxd8+ Kxd8 19. Nf5 Kd7 20.
Nxh6 Ke6 21. d4 Bxh6 22. Bxh6 exd4 23. Re1+ Kd6 24. Bg7 Re8 25. Kf1 Rxe1+ 26.
Kxe1 Nh5 27. Bxd4 Nf4 28. Kf1 Nd3 29. c4 Ne5 30. cxb5 cxb5 31. Ke2 Nd7 32. g4
Kd5 33. Bg7 Nc5 34. h4 Ne6 35. Bf6 Ke4 36. f3+ Kf4 37. Kf2 c5 38. Be7 Ke5 39.
Ke3 f5 40. h5 f4+ 41. Ke2 Nd4+ 42. Kf2 Nb3 43. g5 Ke6 44. Bf8 Kf7 45. Bd6 Nc1
46. Ke1 c4 47. Kd2 Nd3 48. Kc3 Ke6 49. Bc7 Kf5 50. g6 1/2-1/2

[Event "7MCR_4D_1L_4S"]
[Site "?"]
[Date "2006.??.??"]
[Round "?"]
[White "Nosek, Jaroslav"]
[Black "Schwarz, Jan"]
[Result "0-1"]
[WhiteElo "2252"]
[BlackElo "2289"]
[PlyCount "86"]
[EventDate "2006.??.??"]
[EventType "corr"]

1. e4 c5 2. Nf3 Nc6 3. d4 cxd4 4. Nxd4 Nf6 5. Nc3 e5 6. Ndb5 d6 7. Bg5 a6 8.
Na3 b5 9. Bxf6 gxf6 10. Nd5 Bg7 11. Bd3 Ne7 12. Nxe7 Qxe7 13. c4 f5 14. O-O O-O
15. cxb5 d5 16. exd5 e4 17. Qe2 Qe5 18. Bc4 Qxb2 19. Nc2 axb5 20. Rab1 Qf6 21.
Rxb5 f4 22. f3 e3 23. Nb4 Rd8 24. Nc6 Rd6 25. Rfb1 Bd7 26. Rb7 Rf8 27. Na7 Bf5
28. Rc1 Qh4 29. Nc6 Kh8 30. Qe1 Qh5 31. Kh1 Rh6 32. Qg1 Bf6 33. Ne7 Bh4 34.
Nxf5 Qxf5 35. Rb2 Bg3 36. h3 Rg8 37. Rcc2 Bf2 38. Qf1 Rxg2 39. Rb8+ Rg8 40.
Rxg8+ Kxg8 41. Rxf2 exf2 42. Kh2 Qc2 43. a3 Qd2 0-1

[Event "7MCR_4D_1L_4S"]
[Site "?"]
[Date "2006.??.??"]
[Round "?"]
[White "Nosek, Jaroslav"]
[Black "Vokoun, Jan"]
[Result "1-0"]
[WhiteElo "2252"]
[BlackElo "2400"]
[PlyCount "61"]
[EventDate "2006.??.??"]
[EventType "corr"]

1. e4 c5 2. Nf3 e6 3. d4 cxd4 4. Nxd4 a6 5. Bd3 Qc7 6. O-O Nf6 7. Qe2 b5 8. a4
b4 9. Nd2 d6 10. N2b3 Be7 11. Bd2 e5 12. Nf3 Nc6 13. Rac1 O-O 14. c3 bxc3 15.
Rxc3 Qd7 16. Rfc1 Nb4 17. Rc7 Nxd3 18. Qxd3 Qe8 19. Bg5 d5 20. Nfd2 Rb8 21. Na5
Bd6 22. Bxf6 gxf6 23. R7c6 Bb4 24. exd5 f5 25. Ndc4 f6 26. Rc7 Bd7 27. Qg3+ Kh8
28. Nc6 Rg8 29. Qh4 Qg6 30. g3 Bxc6 31. Nxe5 1-0

[Event "7MCR_4D_1L_4S"]
[Site "?"]
[Date "2006.??.??"]
[Round "?"]
[White "Schwarz, Jan"]
[Black "Binas, Jindrich"]
[Result "1-0"]
[WhiteElo "2289"]
[BlackElo "2079"]
[PlyCount "39"]
[EventDate "2006.??.??"]
[EventType "corr"]

1. c4 Nf6 2. Nf3 g6 3. g3 Bg7 4. d4 O-O 5. Bg2 d6 6. O-O Nbd7 7. Nc3 e5 8. e4
c6 9. b3 Re8 10. h3 exd4 11. Nxd4 Nc5 12. Re1 a5 13. Bf4 h6 14. Qc2 Nfd7 15.
Rad1 Ne5 16. Be3 a4 17. f4 axb3 18. Nxb3 Ned7 19. Nxc5 dxc5 20. e5 1-0

[Event "7MCR_4D_1L_4S"]
[Site "?"]
[Date "2006.??.??"]
[Round "?"]
[White "Schwarz, Jan"]
[Black "Kuchta, Jiri"]
[Result "1-0"]
[WhiteElo "2159"]
[BlackElo "2289"]
[PlyCount "107"]
[EventDate "2006.??.??"]
[EventType "corr"]

1. d4 d5 2. c4 c6 3. Nf3 Nf6 4. Nc3 dxc4 5. a4 Bf5 6. Ne5 Nbd7 7. Nxc4 Qc7 8.
g3 e5 9. dxe5 Nxe5 10. Bf4 Nfd7 11. Bg2 f6 12. O-O Nc5 13. e4 Bg6 14. Qe2 Bf7
15. Nxe5 fxe5 16. Be3 Be7 17. f4 O-O 18. f5 Nb3 19. Rad1 Nd4 20. Qg4 Bc4 21.
Rf2 Rad8 22. Rc1 Bf6 23. Bf1 Bxf1 24. Rcxf1 Qf7 25. Qh3 Rd6 26. Kh1 Qe7 27. g4
Bg5 28. Bxg5 Qxg5 29. Qg3 Re8 30. h4 Qf6 31. g5 Qf7 32. f6 g6 33. h5 gxh5 34.
Rh2 a5 35. Rh4 b6 36. Rf2 Rd7 37. Rfh2 Ne6 38. Qxe5 Qg6 39. Rg2 Rd4 40. Rh3 Kf8
41. Rf3 Kf7 42. Rf5 Rd7 43. Qg3 Nc5 44. Qf4 Red8 45. Kh2 Kg8 46. Ne2 Kf8 47.
Qh4 Qf7 48. g6 hxg6 49. Rfg5 Rd2 50. Nf4 Qc7 51. Qg3 Rxg2+ 52. Kxg2 Rd2+ 53.
Kh3 Rd3 54. Nxd3 1-0